[Event "España ch 2010 sub18"]
[Site "Linares ESP"]
[Date "2010.07.28"]
[Round "4.2"]
[White "Forcen Esteban, Daniel"]
[Black "Martinez Lopez, David"]
[Result "1-0"]
[WhiteElo "2379"]
[BlackElo "2110"]
[PlyCount "113"]
[EventDate "2010.07.26"]
[EventType "swiss"]
[EventRounds "9"]
[EventCountry "ESP"]
[Source "lmi"]
[SourceDate "2010.07.26"]

1. e4 e6 2. Nf3 d5 3. e5 c5 4. b4 cxb4 5. d4 Nc6 6. a3 bxa3 7. c3 Bd7 8. Bd3
Be7 9. O-O f5 10. Nxa3 Nh6 11. Bxh6 gxh6 12. Qd2 Bg5 13. Nxg5 Qxg5 14. f4 Qe7
15. Qe2 O-O 16. Qh5 Qg7 17. Rf3 Be8 18. Qh4 Ne7 19. Rh3 Ng6 20. Qf2 Kh8 21. Kh1
Bc6 22. Nb5 Bxb5 23. Bxb5 a6 24. Bd3 Rac8 25. Bc2 Rc6 26. Qd2 b5 27. Rg1 Ne7
28. g4 fxg4 29. Rh4 Rg8 30. h3 g3 31. Rg4 Qf7 32. R1xg3 Rxg4 33. hxg4 a5 34.
Rh3 Qg7 35. f5 exf5 36. gxf5 Qg4 37. Qg2 Qxg2+ 38. Kxg2 a4 39. f6 Ng6 40. Bxg6
hxg6 41. Rxh6+ Kg8 42. Rxg6+ Kf8 43. Kf3 a3 44. Kf4 a2 45. Rg1 Rxc3 46. e6 Rc2
47. Rh1 Kg8 48. f7+ Kg7 49. Rg1+ Kh7 50. Ke3 Rc3+ 51. Kd2 Rg3 52. Rh1+ Kg7 53.
Rf1 Rg2+ 54. Kd3 Rg3+ 55. Kc2 Rg2+ 56. Kb3 a1=Q 57. f8=Q+ 1-0

[Event "España ch 2010 sub18"]
[Site "Linares ESP"]
[Date "2010.07.28"]
[Round "4.3"]
[White "Herrera Delgado, Alejandro"]
[Black "Salido Polo, Veronica"]
[Result "1-0"]
[WhiteElo "2316"]
[BlackElo "1984"]
[PlyCount "57"]
[EventDate "2010.07.26"]
[EventType "swiss"]
[EventRounds "9"]
[EventCountry "ESP"]
[Source "lmi"]
[SourceDate "2010.07.26"]

1. e4 c5 2. Nc3 Nc6 3. Nge2 d6 4. d4 cxd4 5. Nxd4 e5 6. Nf5 Bxf5 7. exf5 Nge7
8. Bg5 h6 9. Qh5 Qb6 10. O-O-O g6 11. fxg6 fxg6 12. Qh3 Bg7 13. Bxe7 Nxe7 14.
Qe6 d5 15. Bb5+ Kf8 16. Qxe7+ Kxe7 17. Nxd5+ Kf8 18. Nxb6 axb6 19. a4 Bf6 20.
Rd7 Rc8 21. Rxb7 Bd8 22. Rd1 h5 23. Rdd7 Rh6 24. Rf7+ Kg8 25. Rg7+ Kh8 26. Bd3
g5 27. Rh7+ Rxh7 28. Rxh7+ Kg8 29. Rxh5 1-0

[Event "España ch 2010 sub18"]
[Site "Linares ESP"]
[Date "2010.07.28"]
[Round "4.4"]
[White "Subirats Ruiz, Sergi"]
[Black "Espinosa Aranda, Angel"]
[Result "0-1"]
[WhiteElo "2138"]
[BlackElo "2397"]
[PlyCount "88"]
[EventDate "2010.07.26"]
[EventType "swiss"]
[EventRounds "9"]
[EventCountry "ESP"]
[Source "lmi"]
[SourceDate "2010.07.26"]

1. e4 c5 2. Nf3 Nc6 3. d4 cxd4 4. Nxd4 g6 5. Nc3 Bg7 6. Nb3 d6 7. Be2 Nf6 8. g4
Be6 9. f4 O-O 10. g5 Nd7 11. Be3 Rc8 12. h4 Na5 13. h5 Bxc3+ 14. bxc3 Qc7 15.
Bd3 Nxb3 16. axb3 Qxc3+ 17. Bd2 Qg7 18. c3 Rxc3 19. Bxc3 Qxc3+ 20. Kf2 Nc5 21.
Bc2 Bg4 22. Qxg4 Qxc2+ 23. Kg1 Nxe4 24. Qh4 Qc3 25. Kg2 Qd2+ 26. Kf3 Qd3+ 27.
Kg2 Qe2+ 28. Kg1 Nd2 29. Qf2 Qg4+ 30. Qg2 Qxf4 31. Ra4 Qe3+ 32. Qf2 Qxg5+ 33.
Qg2 Qc5+ 34. Qf2 Qg5+ 35. Qg2 Qxg2+ 36. Kxg2 Nxb3 37. Rxa7 Nc5 38. Re1 Re8 39.
h6 f6 40. Rea1 Kf7 41. Ra8 Rxa8 42. Rxa8 g5 43. Rh8 Kg6 44. Re8 e5 0-1

[Event "España ch 2010 sub18"]
[Site "Linares ESP"]
[Date "2010.07.28"]
[Round "4.5"]
[White "Martinez Ramirez, Erik"]
[Black "Alonso Rosell, Alvar"]
[Result "1/2-1/2"]
[WhiteElo "2216"]
[BlackElo "2521"]
[PlyCount "97"]
[EventDate "2010.07.26"]
[EventType "swiss"]
[EventRounds "9"]
[EventCountry "ESP"]
[Source "lmi"]
[SourceDate "2010.07.26"]

1. e4 c6 2. d4 d5 3. Nc3 dxe4 4. Nxe4 Bf5 5. Ng3 Bg6 6. h4 h6 7. Nf3 Nd7 8. h5
Bh7 9. Bd3 Bxd3 10. Qxd3 e6 11. Bd2 Ngf6 12. O-O-O Be7 13. Qe2 O-O 14. Nf1 Nb6
15. g4 Qd5 16. Kb1 Qb5 17. Qxb5 cxb5 18. Ne3 Rfc8 19. Ne5 Nc4 20. N5xc4 bxc4
21. f3 b5 22. Rhe1 Rd8 23. Ba5 Rd7 24. Re2 Nd5 25. Nxd5 Rxd5 26. Re5 Bd6 27.
Rxd5 exd5 28. Bd2 f6 29. Re1 Kf7 30. f4 f5 31. gxf5 Re8 32. Re5 Bxe5 33. fxe5
Ra8 34. Bb4 a5 35. Bc5 Rb8 36. Kc1 b4 37. a4 bxa3 38. Bxa3 Rb7 39. c3 a4 40.
Kd2 Rb6 41. Ke3 Rb7 42. Kf4 Rb6 43. Kg4 Rb8 44. Kf3 Rb7 45. Kf4 Rb6 46. e6+ Kf6
47. Kg4 Rb7 48. Kf4 Rb6 49. Kg4 1/2-1/2

[Event "España ch 2010 sub18"]
[Site "Linares ESP"]
[Date "2010.07.28"]
[Round "4.6"]
[White "Vazquez Torres, Adrian"]
[Black "Pardo Simon, David"]
[Result "1/2-1/2"]
[WhiteElo "2210"]
[BlackElo "2354"]
[PlyCount "106"]
[EventDate "2010.07.26"]
[EventType "swiss"]
[EventRounds "9"]
[EventCountry "ESP"]
[Source "lmi"]
[SourceDate "2010.07.26"]

1. e4 e5 2. Nf3 Nc6 3. Bb5 Nge7 4. Nc3 Ng6 5. d4 exd4 6. Nxd4 Bc5 7. Be3 Bxd4
8. Bxd4 O-O 9. Bxc6 bxc6 10. Qd2 d6 11. O-O-O Be6 12. f4 f5 13. g4 Nh4 14. gxf5
Nf3 15. Qf2 Nxd4 16. Qxd4 Bd7 17. Rhg1 Rf7 18. Rg3 Kh8 19. Rdg1 Qf6 20. Qd1 d5
21. Rg5 dxe4 22. Nxe4 Qe7 23. Qd4 Bxf5 24. Ng3 Rd8 25. Nxf5 Rxd4 26. Nxe7 Rxe7
27. Ra5 Rxf4 28. Rxa7 h6 29. Rg2 c5 30. b3 c4 31. Kb2 cxb3 32. cxb3 g5 33. a4
Kg7 34. Rc2 Rff7 35. a5 Kg6 36. a6 Re6 37. Ra8 Kh5 38. Rc4 Rf2+ 39. Ka3 Rf1 40.
a7 Ra6+ 41. Ra4 Ra1+ 42. Kb4 c6 43. Rxa1 Rxa1 44. Kc5 Ra6 45. b4 Kg4 46. Rh8
Rxa7 47. Rxh6 Rb7 48. Rxc6 Rh7 49. b5 Rxh2 50. b6 Rb2 51. Rd6 Rc2+ 52. Kb5 Rb2+
53. Kc6 Kf3 1/2-1/2

[Event "España ch 2010 sub18"]
[Site "Linares ESP"]
[Date "2010.07.28"]
[Round "4.7"]
[White "Herrera Reyes, Jose Antonio"]
[Black "Colon Garcia, Enrique"]
[Result "1-0"]
[WhiteElo "2151"]
[BlackElo "2314"]
[PlyCount "65"]
[EventDate "2010.07.26"]
[EventType "swiss"]
[EventRounds "9"]
[EventCountry "ESP"]
[Source "lmi"]
[SourceDate "2010.07.26"]

1. e4 c5 2. d3 Nc6 3. g3 g6 4. Be3 Bg7 5. c3 d6 6. Bg2 e5 7. Ne2 Nge7 8. O-O
O-O 9. f4 Be6 10. Nd2 Qd7 11. Nf3 exf4 12. Nxf4 Bg4 13. h3 Bxf3 14. Qxf3 b5 15.
Rad1 Ne5 16. Qe2 Rac8 17. b3 N5c6 18. d4 cxd4 19. cxd4 b4 20. Kh2 a5 21. Bg1
Na7 22. e5 Nb5 23. Rd2 Nc3 24. Qe1 dxe5 25. dxe5 Qb5 26. e6 f5 27. Rd7 Rfe8 28.
Qd2 Ne4 29. Qe3 Rc3 30. Qa7 Bf6 31. Nd5 Nxd5 32. Rxd5 Qb8 33. Qxb8 1-0

[Event "España ch 2010 sub18"]
[Site "Linares ESP"]
[Date "2010.07.28"]
[Round "4.8"]
[White "Martin Fuentes, Alberto"]
[Black "De La Cruz Revilla, Miguel"]
[Result "1-0"]
[WhiteElo "2297"]
[BlackElo "1994"]
[PlyCount "51"]
[EventDate "2010.07.26"]
[EventType "swiss"]
[EventRounds "9"]
[EventCountry "ESP"]
[Source "lmi"]
[SourceDate "2010.07.26"]

1. e4 d6 2. d4 Nf6 3. Nc3 g6 4. Be3 Bg7 5. Qd2 O-O 6. O-O-O c6 7. f3 Qa5 8. Kb1
Bd7 9. g4 b5 10. h4 b4 11. Nce2 h5 12. gxh5 Nxh5 13. Nc1 Na6 14. Nge2 Nc7 15.
Nf4 Nxf4 16. Bxf4 Qh5 17. Be2 Rab8 18. Bg5 Rfe8 19. Rdg1 Nb5 20. Nb3 Qh8 21. h5
Bxd4 22. hxg6 Bxg1 23. Rxh8+ Kxh8 24. Qe1 Kg7 25. gxf7 Kxf7 26. Qxg1 1-0

[Event "España ch 2010 sub18"]
[Site "Linares ESP"]
[Date "2010.07.28"]
[Round "4.9"]
[White "Ladron De Guevara Pinto, Paolo"]
[Black "Marcos Pinto, Luis"]
[Result "1-0"]
[WhiteElo "2188"]
[BlackElo "2240"]
[PlyCount "73"]
[EventDate "2010.07.26"]
[EventType "swiss"]
[EventRounds "9"]
[EventCountry "ESP"]
[Source "lmi"]
[SourceDate "2010.07.26"]

1. e4 c5 2. Nf3 e6 3. d4 cxd4 4. Nxd4 Nc6 5. c4 Nf6 6. Nc3 Bb4 7. Nc2 Bxc3+ 8.
bxc3 Qa5 9. Qd3 Qe5 10. Nd4 d5 11. cxd5 exd5 12. Be2 Nxe4 13. f4 Qe7 14. a4
Nxd4 15. Qxd4 Qh4+ 16. g3 Nxg3 17. Bb5+ Kf8 18. Ba3+ Kg8 19. O-O-O Nxh1 20.
Rxh1 h5 21. Bd6 Be6 22. Rg1 f6 23. Qe3 Bf7 24. h3 a6 25. Bd7 Rd8 26. Qe7 Qf2
27. Bc5 Qxf4+ 28. Kb2 Ra8 29. Be6 Qd2+ 30. Kb3 Kh7 31. Qxf7 Rhg8 32. Qxh5+ Qh6
33. Bxg8+ Rxg8 34. Qxd5 b5 35. a5 Re8 36. Bd4 Re2 37. Bxf6 1-0

[Event "España ch 2010 sub18"]
[Site "Linares ESP"]
[Date "2010.07.28"]
[Round "4.10"]
[White "Pruja Ramirez De Cartagena, Marc"]
[Black "Gil Quilez, David"]
[Result "1/2-1/2"]
[WhiteElo "2228"]
[BlackElo "2133"]
[PlyCount "112"]
[EventDate "2010.07.26"]
[EventType "swiss"]
[EventRounds "9"]
[EventCountry "ESP"]
[Source "lmi"]
[SourceDate "2010.07.26"]

1. e4 d5 2. exd5 Qxd5 3. Nf3 Nf6 4. d4 a6 5. c4 Qd6 6. Be2 Nc6 7. O-O e6 8. Nc3
Be7 9. h3 O-O 10. Be3 b6 11. Qc2 Bb7 12. a3 Qd8 13. Rfd1 Nb8 14. b4 Qc8 15. c5
Nbd7 16. Rac1 Bd5 17. Ne5 c6 18. Bd3 bxc5 19. Nxd7 Qxd7 20. bxc5 Rfb8 21. Rb1
a5 22. Bf4 Rb7 23. Rxb7 Qxb7 24. Rb1 Qa7 25. Rb2 a4 26. Nxd5 Nxd5 27. Be5 h6
28. Qe2 Qd7 29. Qe4 g6 30. Qf3 Bf8 31. Be4 Bg7 32. Bxd5 exd5 33. Qf4 Bxe5 34.
dxe5 Qe7 35. Qd4 Re8 36. f4 f6 37. Qxa4 Qxc5+ 38. Kh2 fxe5 39. Rc2 Qd4 40. Qxd4
exd4 41. Rxc6 Kf7 42. Rd6 Re4 43. Kg3 Re3+ 44. Kf2 Rxa3 45. Rxd5 Rd3 46. Re5
Kf6 47. Ra5 Rb3 48. h4 d3 49. g4 Rb8 50. Rd5 Rb2+ 51. Ke3 Rh2 52. g5+ Ke6 53.
Re5+ Kf7 54. Kxd3 Rxh4 55. Ke4 hxg5 56. Rxg5 Rh1 1/2-1/2

[Event "España ch 2010 sub18"]
[Site "Linares ESP"]
[Date "2010.07.28"]
[Round "4.11"]
[White "Alcaraz Ortega, Javier"]
[Black "Anaya Lopez, Gonzalo Javier"]
[Result "1-0"]
[WhiteElo "2242"]
[BlackElo "1920"]
[PlyCount "29"]
[EventDate "2010.07.26"]
[EventType "swiss"]
[EventRounds "9"]
[EventCountry "ESP"]
[Source "lmi"]
[SourceDate "2010.07.26"]

1. Nf3 Nf6 2. c4 g6 3. d4 d5 4. Nc3 Bg7 5. Qb3 dxc4 6. Qxc4 b6 7. Bf4 Na6 8.
Nb5 Nd5 9. Qc6+ Qd7 10. Qxa8 Nxf4 11. Nxa7 O-O 12. Nxc8 Nb4 13. Qe4 Rxc8 14. a3
f5 15. Qb1 1-0

[Event "España ch 2010 sub18"]
[Site "Linares ESP"]
[Date "2010.07.28"]
[Round "4.12"]
[White "Fernandez Garcia, Jose Miguel"]
[Black "Collado Barbas, Laura"]
[Result "0-1"]
[WhiteElo "2252"]
[BlackElo "2051"]
[PlyCount "64"]
[EventDate "2010.07.26"]
[EventType "swiss"]
[EventRounds "9"]
[EventCountry "ESP"]
[Source "lmi"]
[SourceDate "2010.07.26"]

1. d4 d5 2. c4 e6 3. Nf3 c6 4. e3 Nd7 5. b3 f5 6. Bd3 Nh6 7. O-O Bd6 8. Ba3
Bxa3 9. Nxa3 O-O 10. b4 g5 11. b5 g4 12. Nd2 Nf6 13. bxc6 bxc6 14. Qa4 Bd7 15.
Qa6 Ne4 16. Nb3 Qh4 17. Nc2 Ng5 18. Ne1 Rf6 19. f4 g3 20. hxg3 Nh3+ 21. gxh3
Qxg3+ 22. Ng2 Rg6 23. Rf2 Qxh3 24. Be2 Kh8 25. Bf3 Rag8 26. cxd5 Ng4 27. Bxg4
Rxg4 28. Qf1 Rh4 29. Rf3 Qh2+ 30. Kf2 Rhg4 31. Ke1 Rxg2 32. Rf2 Rxf2 0-1

[Event "España ch 2010 sub18"]
[Site "Linares ESP"]
[Date "2010.07.28"]
[Round "4.13"]
[White "Colom Sienes, Eduardo"]
[Black "Coll Ortega, Jordi"]
[Result "0-1"]
[WhiteElo "2042"]
[BlackElo "2248"]
[PlyCount "66"]
[EventDate "2010.07.26"]
[EventType "swiss"]
[EventRounds "9"]
[EventCountry "ESP"]
[Source "lmi"]
[SourceDate "2010.07.26"]

1. e4 c6 2. d4 d5 3. Nc3 dxe4 4. Nxe4 Bf5 5. Ng3 Bg6 6. h4 h6 7. N1e2 Nf6 8.
Nf4 Bh7 9. Bc4 e6 10. O-O Bd6 11. Nxe6 fxe6 12. Bxe6 Qc7 13. Nh5 Nxh5 14. Qxh5+
Kd8 15. c4 Nd7 16. c5 Bh2+ 17. Kh1 Nf6 18. Qf3 Be4 19. Qh3 Bf4 20. f3 Bd5 21.
Re1 Re8 22. Bxf4 Qxf4 23. Bxd5 Rxe1+ 24. Rxe1 Nxd5 25. Re4 Qf7 26. Qg3 Rc8 27.
Qd6+ Qd7 28. Qg6 Nf6 29. Rf4 Qe7 30. g4 Kc7 31. g5 hxg5 32. hxg5 Rh8+ 33. Kg2
Qe2+ 0-1

[Event "España ch 2010 sub18"]
[Site "Linares ESP"]
[Date "2010.07.28"]
[Round "4.14"]
[White "Cruz Lledo, Pablo"]
[Black "Jimenez Capilla, Martin R"]
[Result "1-0"]
[WhiteElo "2239"]
[BlackElo "2038"]
[PlyCount "105"]
[EventDate "2010.07.26"]
[EventType "swiss"]
[EventRounds "9"]
[EventCountry "ESP"]
[Source "lmi"]
[SourceDate "2010.07.26"]

1. d4 d5 2. Nf3 Nf6 3. e3 c6 4. Bd3 e6 5. O-O Bd6 6. b3 Qe7 7. Bb2 O-O 8. a3
Nbd7 9. Ne5 c5 10. Nd2 a6 11. a4 b6 12. f4 Bb7 13. Qf3 Rac8 14. g4 cxd4 15.
exd4 Bb4 16. Rad1 Bc3 17. Bxc3 Rxc3 18. Bxh7+ Kxh7 19. Qxc3 Nxe5 20. Qh3+ Kg8
21. fxe5 Nd7 22. Nf3 Rc8 23. Rf2 Bc6 24. Qh4 Qxh4 25. Nxh4 b5 26. axb5 Bxb5 27.
Ng2 Rc3 28. Ne1 Nb8 29. Kg2 Re3 30. Nf3 Rc3 31. Ng5 Rc7 32. Rdd2 Nc6 33. Rf3 g6
34. Rc3 Rb7 35. Rc5 Na5 36. Rd1 Rd7 37. Ra1 Nb7 38. Rc8+ Kg7 39. Nf3 Nd8 40.
Kf2 Bc6 41. Ke3 Bb7 42. Rc3 Nc6 43. h4 Na7 44. Ne1 Nb5 45. Rc5 Rd8 46. Nd3 Rh8
47. Rh1 Rd8 48. h5 gxh5 49. Rxh5 Rd7 50. g5 Rd8 51. Nf4 Bc8 52. g6 fxg6 53. Rg5
1-0

[Event "España ch 2010 sub18"]
[Site "Linares ESP"]
[Date "2010.07.28"]
[Round "5.1"]
[White "Forcen Esteban, Daniel"]
[Black "Arribas Lopez, Angel"]
[Result "0-1"]
[WhiteElo "2379"]
[BlackElo "2442"]
[PlyCount "82"]
[EventDate "2010.07.26"]
[EventType "swiss"]
[EventRounds "9"]
[EventCountry "ESP"]
[Source "lmi"]
[SourceDate "2010.07.26"]

1. e4 c6 2. d4 d5 3. e5 Bf5 4. Nc3 e6 5. g4 Bg6 6. Nge2 f6 7. Bg2 fxe5 8. dxe5
Nd7 9. O-O Qb6 10. Nf4 Bf7 11. Be3 Qxb2 12. Bd4 Qa3 13. Rb1 Qa6 14. Re1 b5 15.
Bf1 Qc8 16. Bxb5 cxb5 17. Nxb5 Nb6 18. c4 Qxc4 19. a4 Nxa4 20. Re2 Rc8 21. Nxa7
Nc3 22. Bxc3 Qxf4 23. Nxc8 Qxg4+ 24. Kh1 Bh5 25. Bd4 Qf3+ 26. Kg1 Qxe2 27. Qa4+
Kf7 28. Qd7+ Kg6 29. Qe8+ Kg5 30. Qxf8 Qg4+ 31. Kf1 Qxd4 32. h4+ Kh6 33. Rb7
Qxe5 34. Qa3 Be2+ 35. Kg1 Qf4 36. Nd6 Qg4+ 37. Kh2 Qxh4+ 38. Kg1 Qg4+ 39. Kh2
Bf3 40. Qe3+ g5 41. Nf5+ Qxf5 0-1

[Event "España ch 2010 sub18"]
[Site "Linares ESP"]
[Date "2010.07.28"]
[Round "5.2"]
[White "Martin Fuentes, Alberto"]
[Black "Herrera Delgado, Alejandro"]
[Result "1-0"]
[WhiteElo "2297"]
[BlackElo "2316"]
[PlyCount "57"]
[EventDate "2010.07.26"]
[EventType "swiss"]
[EventRounds "9"]
[EventCountry "ESP"]
[Source "lmi"]
[SourceDate "2010.07.26"]

1. e4 c5 2. d3 g6 3. g3 Bg7 4. Bg2 Nc6 5. c3 d6 6. Be3 Nh6 7. h3 f5 8. Ne2 O-O
9. O-O Rb8 10. Na3 Bd7 11. Qd2 Nf7 12. exf5 gxf5 13. d4 cxd4 14. Nxd4 Qa5 15.
Rad1 Rfc8 16. f4 Nxd4 17. Bxd4 Bxd4+ 18. Qxd4 b5 19. Nc2 Qxa2 20. Nb4 Qxb2 21.
Nd5 Re8 22. Rfe1 Bc6 23. Rd2 Qa3 24. Nxe7+ Rxe7 25. Rxe7 Re8 26. Rxe8+ Bxe8 27.
Re2 Qc1+ 28. Kh2 Bd7 29. Re7 1-0

[Event "España ch 2010 sub18"]
[Site "Linares ESP"]
[Date "2010.07.28"]
[Round "5.3"]
[White "Espinosa Aranda, Angel"]
[Black "Ladron De Guevara Pinto, Paolo"]
[Result "1-0"]
[WhiteElo "2397"]
[BlackElo "2188"]
[PlyCount "81"]
[EventDate "2010.07.26"]
[EventType "swiss"]
[EventRounds "9"]
[EventCountry "ESP"]
[Source "lmi"]
[SourceDate "2010.07.26"]

1. e4 e6 2. d4 d5 3. e5 c5 4. c3 Qb6 5. Nf3 Nc6 6. a3 Nh6 7. b4 cxd4 8. cxd4
Nf5 9. Bb2 Be7 10. h4 h5 11. Bd3 a5 12. Bxf5 exf5 13. Nc3 Be6 14. b5 a4 15. Qd3
Nb8 16. Bc1 Nd7 17. O-O Qd8 18. Bg5 Nb6 19. Ne2 O-O 20. Nf4 g6 21. Bxe7 Qxe7
22. Ng5 Kg7 23. Qg3 Qe8 24. Nxh5+ Kh8 25. Nf6 Qe7 26. Nh3 Kg7 27. Qg5 Qd8 28.
Nf4 Rh8 29. h5 Rh6 30. hxg6 Rxg6 31. Nxg6 fxg6 32. Rac1 Nd7 33. Nh5+ Kf7 34.
Qxd8 Rxd8 35. Nf4 Nb6 36. Rc7+ Rd7 37. Rfc1 Nc4 38. Rxd7+ Bxd7 39. Nxd5 Bxb5
40. Nc7 Nxa3 41. Rc3 1-0

[Event "España ch 2010 sub18"]
[Site "Linares ESP"]
[Date "2010.07.28"]
[Round "5.4"]
[White "Pardo Simon, David"]
[Black "Herrera Reyes, Jose Antonio"]
[Result "1-0"]
[WhiteElo "2354"]
[BlackElo "2151"]
[PlyCount "35"]
[EventDate "2010.07.26"]
[EventType "swiss"]
[EventRounds "9"]
[EventCountry "ESP"]
[Source "lmi"]
[SourceDate "2010.07.26"]

1. e4 c5 2. Nf3 e6 3. Nc3 a6 4. d4 cxd4 5. Nxd4 b5 6. Bd3 Qb6 7. Nf3 Qc7 8. O-O
Bb7 9. Re1 d6 10. Bf4 Nd7 11. a4 b4 12. Na2 a5 13. c3 bxc3 14. Nxc3 Nc5 15.
Bb5+ Nd7 16. Rc1 Qb6 17. Ne5 Ngf6 18. Nc4 1-0

[Event "España ch 2010 sub18"]
[Site "Linares ESP"]
[Date "2010.07.28"]
[Round "5.5"]
[White "Alonso Rosell, Alvar"]
[Black "Anaya Lopez, Victor Jose"]
[Result "1-0"]
[WhiteElo "2521"]
[BlackElo "2165"]
[PlyCount "56"]
[EventDate "2010.07.26"]
[EventType "swiss"]
[EventRounds "9"]
[EventCountry "ESP"]
[Source "lmi"]
[SourceDate "2010.07.26"]

1. d4 Nf6 2. c4 e6 3. Nc3 Bb4 4. e3 O-O 5. Bd3 d5 6. Nf3 b6 7. O-O Bb7 8. Qc2
a6 9. Rd1 Nbd7 10. Bd2 Qe7 11. a3 Bd6 12. e4 dxe4 13. Nxe4 Nxe4 14. Bxe4 Bxe4
15. Qxe4 Nf6 16. Qh4 h6 17. Re1 Rfe8 18. Bc3 Nd7 19. Qh3 c5 20. d5 Nf8 21. Re4
Qd7 22. Rae1 Re7 23. Qg4 e5 24. Nh4 Qxg4 25. Rxg4 h5 26. Rg3 f6 27. Rge3 Rd7
28. h3 Bc7 1-0

[Event "España ch 2010 sub18"]
[Site "Linares ESP"]
[Date "2010.07.28"]
[Round "5.6"]
[White "Chueca Forcen, Alberto"]
[Black "Subirats Ruiz, Sergi"]
[Result "1/2-1/2"]
[WhiteElo "2280"]
[BlackElo "2138"]
[PlyCount "219"]
[EventDate "2010.07.26"]
[EventType "swiss"]
[EventRounds "9"]
[EventCountry "ESP"]
[Source "lmi"]
[SourceDate "2010.07.26"]

1. d4 Nf6 2. c4 g6 3. Nc3 d5 4. Nf3 Bg7 5. Qb3 c6 6. cxd5 cxd5 7. Bg5 e6 8. e3
O-O 9. Bd3 h6 10. Bf4 Nc6 11. h3 a6 12. a4 Re8 13. O-O Bf8 14. Rfc1 Bd7 15. Ne5
b6 16. Na2 Na5 17. Qd1 Nb7 18. Nxd7 Nxd7 19. Qe2 e5 20. dxe5 Nbc5 21. Bc2 Nxe5
22. b4 Ne4 23. Rd1 Qf6 24. Rac1 Rad8 25. Bxe5 Qxe5 26. Bxe4 dxe4 27. Qxa6 Qb2
28. Qc4 Rc8 29. Qxc8 Rxc8 30. Rxc8 Qxa2 31. Rdd8 Qxa4 32. Rxf8+ Kg7 33. Rg8+
Kf6 34. Rc4 Qa1+ 35. Kh2 Qe5+ 36. Kg1 Qa1+ 37. Kh2 Qe5+ 38. g3 h5 39. h4 Qf5
40. Kg1 Qf3 41. Rd4 Kf5 42. Re8 f6 43. b5 Kg4 44. Rexe4+ Kh3 45. Kf1 Qh1+ 46.
Ke2 Qb1 47. Rc4 Kg2 48. Rf4 g5 49. hxg5 fxg5 50. Rfd4 Qxb5 51. f4 Kxg3 52. fxg5
Qxg5 53. Rf4 Qd5 54. Rb4 b5 55. Rbd4 Qg2+ 56. Kd3 Qa2 57. Rde4 Qb3+ 58. Kd2
Qb2+ 59. Kd3 Qc1 60. Rd4 Qd1+ 61. Kc3 Qc1+ 62. Kd3 Qd1+ 63. Kc3 Qe2 64. Rde4
Qe1+ 65. Kd3 Qd1+ 66. Kc3 Qe2 67. Kb4 Qd3 68. Ka5 Qb1 69. Rb4 Qa1+ 70. Kxb5
Qe5+ 71. Ka4 Qe8+ 72. Ka5 Qxe3 73. Rfc4 Qa7+ 74. Kb5 Qd7+ 75. Ka5 Qa7+ 76. Kb5
Qd7+ 77. Kc5 Qe7+ 78. Kd5 Qf7+ 79. Ke5 Qf3 80. Ra4 Kh3 81. Rcb4 Kg3 82. Re4 h4
83. Rxh4 Qc3+ 84. Rhd4 Qe3+ 85. Kd5 Qb3+ 86. Kc5 Qc2+ 87. Kb5 Qe2+ 88. Rac4
Qb2+ 89. Kc6 Qa3 90. Rg4+ Kf3 91. Rcf4+ Ke2 92. Ra4 Qc3+ 93. Rac4 Qa5 94. Rb4
Qa8+ 95. Kb5 Qd5+ 96. Ka4 Qa2+ 97. Kb5 Qd5+ 98. Ka6 Qc6+ 99. Ka5 Qa8+ 100. Kb6
Qb8+ 101. Kc6 Qc8+ 102. Kd6 Qd8+ 103. Ke5 Qe7+ 104. Kf5 Qf8+ 105. Kg5 Qe7+ 106.
Kh6 Qf8+ 107. Kh5 Qh8+ 108. Kg5 Qd8+ 109. Kf4 Qd6+ 110. Kg5 1/2-1/2

[Event "España ch 2010 sub18"]
[Site "Linares ESP"]
[Date "2010.07.28"]
[Round "5.8"]
[White "Moreno Martin, Daniel"]
[Black "Alcaraz Ortega, Javier"]
[Result "0-1"]
[WhiteElo "2164"]
[BlackElo "2242"]
[PlyCount "82"]
[EventDate "2010.07.26"]
[EventType "swiss"]
[EventRounds "9"]
[EventCountry "ESP"]
[Source "lmi"]
[SourceDate "2010.07.26"]

1. e4 g6 2. d4 Bg7 3. Nc3 d6 4. Be3 a6 5. f4 b5 6. Nf3 Bb7 7. Bd3 Nd7 8. e5 e6
9. Ne4 Bxe4 10. Bxe4 d5 11. Bd3 h5 12. a4 b4 13. a5 Ne7 14. O-O Nf5 15. Bf2 Bf8
16. c4 bxc3 17. bxc3 Be7 18. Qe2 c6 19. c4 Kf8 20. cxd5 cxd5 21. Bxa6 Nb8 22.
Bd3 Rxa5 23. Rxa5 Qxa5 24. Qb2 Kg7 25. Qb7 Qb4 26. Qa7 Nc6 27. Qd7 Ncxd4 28.
Nxd4 Nxd4 29. Rb1 Qa3 30. Bf1 Nf5 31. Rb7 Rd8 32. Qc7 d4 33. Ra7 Qc3 34. Qxc3
dxc3 35. Rc7 Bb4 36. Be1 Ba5 37. Rc4 Ne3 38. Rc6 Rd1 39. Kf2 Nxf1 40. Bxc3 Bxc3
41. Rxc3 Nxh2 0-1

[Event "España ch 2010 sub18"]
[Site "Linares ESP"]
[Date "2010.07.28"]
[Round "5.9"]
[White "Gil Quilez, David"]
[Black "Cruz Lledo, Pablo"]
[Result "1-0"]
[WhiteElo "2133"]
[BlackElo "2239"]
[PlyCount "103"]
[EventDate "2010.07.26"]
[EventType "swiss"]
[EventRounds "9"]
[EventCountry "ESP"]
[Source "lmi"]
[SourceDate "2010.07.26"]

1. e4 c6 2. d4 d5 3. Nc3 dxe4 4. Nxe4 Bf5 5. Ng3 Bg6 6. h4 h6 7. Nf3 Nd7 8. h5
Bh7 9. Bd3 Bxd3 10. Qxd3 e6 11. Bf4 Qa5+ 12. Bd2 Bb4 13. c3 Be7 14. c4 Qc7 15.
O-O-O Ngf6 16. Kb1 O-O-O 17. Ne4 Nc5 18. Nxc5 Bxc5 19. Bc3 Ng4 20. Qe2 Be7 21.
Ne5 Nxe5 22. dxe5 Rxd1+ 23. Rxd1 Rd8 24. Kc2 Bc5 25. Rxd8+ Qxd8 26. Qg4 Qh8 27.
f3 Qh7+ 28. Qe4 Qxe4+ 29. fxe4 Bf2 30. Kd3 Bg3 31. Ke3 c5 32. Kf3 Bh4 33. Bd2
Kd7 34. g3 Bd8 35. g4 Kc6 36. a4 Bc7 37. Bc3 Kb6 38. g5 hxg5 39. Kg4 Bd8 40.
Bd2 Ka6 41. Bxg5 Ba5 42. Bf6 Bd2 43. Bxg7 Ka5 44. h6 Bxh6 45. Bxh6 Kxa4 46. Kg5
Kb3 47. Kf6 Kxb2 48. Kxf7 a5 49. Kxe6 a4 50. Kd5 a3 51. e6 a2 52. Bg7+ 1-0

[Event "España ch 2010 sub18"]
[Site "Linares ESP"]
[Date "2010.07.28"]
[Round "5.10"]
[White "Martinez Lopez, David"]
[Black "Pruja Ramirez De Cartagena, Marc"]
[Result "1-0"]
[WhiteElo "2110"]
[BlackElo "2228"]
[PlyCount "141"]
[EventDate "2010.07.26"]
[EventType "swiss"]
[EventRounds "9"]
[EventCountry "ESP"]
[Source "lmi"]
[SourceDate "2010.07.26"]

1. e4 c5 2. Nf3 e6 3. Nc3 Nc6 4. d4 cxd4 5. Nxd4 Qc7 6. Nxc6 bxc6 7. Bd3 Nf6 8.
O-O e5 9. Bg5 Be7 10. Kh1 O-O 11. f4 h6 12. fxe5 Qxe5 13. Bf4 Qh5 14. Be2 Qg6
15. e5 Ne4 16. Nxe4 Qxe4 17. Bd3 Qd5 18. Qe2 Qe6 19. Rf3 d5 20. exd6 Qxe2 21.
Bxe2 Bf6 22. c3 g5 23. Bg3 Bg7 24. Bc4 Bg4 25. Re3 Rab8 26. Bb3 Rb7 27. Rae1
Bf6 28. h3 Bh5 29. Re8 g4 30. hxg4 Bxg4 31. Bf4 Rxe8 32. Rxe8+ Kg7 33. Re4 h5
34. Rc4 Bd7 35. Rc5 Rb5 36. Rxb5 cxb5 37. Bd5 a5 38. Be4 b4 39. c4 Bd4 40. g3
a4 41. b3 a3 42. Kg2 Kf6 43. Kf1 Bc5 44. Ke2 Ke6 45. Bd5+ Kf6 46. Kd2 Be8 47.
Bf3 Kg6 48. Kd3 Bd7 49. Be4+ Kf6 50. Kd2 Be8 51. Bb7 Bd7 52. Bf3 Kg6 53. Kd3 f6
54. Bd5 Kf5 55. Ke2 h4 56. Kf3 hxg3 57. Bxg3 Kg6 58. Bf2 Bxd6 59. c5 Be7 60.
Ke4 f5+ 61. Ke5 Kg5 62. c6 Bc8 63. Be6 Bf6+ 64. Kd6 Bxe6 65. Kxe6 Bd8 66. Kd7
Ba5 67. c7 Bxc7 68. Kxc7 f4 69. Kc6 Kg4 70. Kb5 Kf3 71. Bc5 1-0